| 000 | 00666nam a22002057a 4500 | ||
|---|---|---|---|
| 005 | 20230725064009.0 | ||
| 008 | 230725b |||||||| |||| 00| 0 eng d | ||
| 020 | _a978-1-5107-5020-3 | ||
| 082 | _a641.875 Sa264 2019 | ||
| 100 |
_aSavage, Michelle _eauthor |
||
| 245 |
_aThe ultimate guide to healthy juicing: _bhow to use 7-day and 30-day juice cleanses to build strength and lose weight / _cMichelle Savage |
||
| 260 |
_aNew York: _bSkyhorse Publishing, _cc2019 |
||
| 300 |
_a245p.: _bcol. ill. |
||
| 504 | _aIncludes index | ||
| 541 | _e7342 | ||
| 650 | _aBeverages | ||
| 650 | _aFruit juices | ||
| 650 | _aVegetable juices | ||
| 650 | _aCooking - Natural foods | ||
| 999 |
_c2224 _d2224 |
||